| 000 | 00606nam a2200217Ia 4500 | ||
|---|---|---|---|
| 005 | 20250923145746.0 | ||
| 008 | 008 250917s9999 xx 000 0 eng d | ||
| 037 | _aTextual | ||
| 040 |
_aDSWL _beng _cDSWL |
||
| 041 |
_aeng _2eng |
||
| 084 |
_aYO6P.43, N81 _qDSWL |
||
| 100 |
_aShapiro, M.C. _9838653 |
||
| 245 | 0 |
_aLanguage and society in South Asia _cby M.C.Shapiro |
|
| 260 |
_aDelhi _bMotila Bardens _c1981 |
||
| 300 | _ax,293p. | ||
| 365 |
_aINR _b130.00 |
||
| 700 |
_a H.F. Shiffmah _9838654 |
||
| 925 | _g130.00 | ||
| 942 |
_cTEXL _hYO6P.43, N81 |
||
| 999 |
_c1455323 _d1455323 |
||